| 000 | 00549nam a22001817a 4500 | ||
|---|---|---|---|
| 003 | OSt | ||
| 005 | 20251128095803.0 | ||
| 008 | 251128b |||||||| |||| 00| 0 eng d | ||
| 020 | _a0-439-78454-9 | ||
| 040 |
_aDWC-Main lib _cOC |
||
| 082 | _aFic. R797 2005 | ||
| 100 | _aRowling, J.K. | ||
| 245 |
_aHarry Potter and the half-blood prince _cRowling, J.K. |
||
| 260 |
_aUSA : _bArthur A. Levine Books, _cc2005 |
||
| 300 |
_ax, 652 pages ; _c 24 cm. |
||
| 650 | _2Fiction | ||
| 942 |
_2ddc _cFIC. _hFic. R797 2005 _kFic. _n0 |
||
| 999 |
_c6549 _d6549 |
||